000 00414nam a2200133 i 4500
001 bg
245 0 _aMechanika i komputer.
_nT. 9,
_pMetody numeryczne w mechanice konstrukcji.
260 _aWarszawa,
_c1989.
040 _cBPK
041 _apol
942 _cKS
008 s pl f |000 0 pol
856 _uhttp://koha.tu.koszalin.pl/cgi-bin/koha/opac-detail.pl?biblionumber=28828
_yKatalog online BPK
999 _c28828
_d28828